00603nam a22001937a 4500003000200000005001700002008004100019020002200060050002300082100002100105245005600126250001900182260005000201300002600251504005300277650002000330650002400350650003500374020240918155247.0240918b xxu||||| |||| 00| 0 eng d a978-1-284-17591-2 aRC 441b.Sk56 2023 aSkolnik, Richard aGlobal population healthba primercRichard Skolnik aFirst edition  aMassachusettsbJones & Barlett Learningc2023 ax, 137 pages c23cm.  aIncludes bibliographical references and index.  aGlobal health.  aPopulation health.  aPopulation health management.